000 00383nam a2200169Ia 4500
001 10709
003 GE_BSU
008 181216s||||||||xx |||||||||||||| ||und||
040 _cGE_BSU
245 _aВрач. №6. 2014
245 _cГл.ред.Денисов И.Н.
260 _aМосква
260 _c2014
300 _a100стр.29см.
653 _aВрач
942 _cCR
999 _c43960
_d43960